000
00292nam a22001217a 4500
008
230623b xxu||||| |||| 00| 0 eng d
082
_a
329.072
_b
DAL
100
_c
Neil Dalgleish
245
_a
The Developing Nations
260
_b
In Focus Books
300
_a
Various Panging
942
_2
ddc
_c
BK
999
_c
2445
_d
2445